<?xml version="1.0" encoding="UTF-8"?>
<collection xmlns="http://www.loc.gov/MARC21/slim">
 <record>
  <leader>00472pamaa2200157   4500</leader>
  <controlfield tag="001">0000016150</controlfield>
  <controlfield tag="005">20060324090000.0</controlfield>
  <datafield tag="020" ind1="0" ind2="0">
   <subfield code="a">0070340331 </subfield>
  </datafield>
  <datafield tag="082" ind1=" " ind2=" ">
   <subfield code="a">540.71 KEA</subfield>
  </datafield>
  <datafield tag="090" ind1="0" ind2="0">
   <subfield code="a">QD40 </subfield>
   <subfield code="b">KEA</subfield>
  </datafield>
  <datafield tag="100" ind1="1" ind2="0">
   <subfield code="a">KEAN </subfield>
  </datafield>
  <datafield tag="245" ind1="1" ind2="0">
   <subfield code="a">How to survive (and even excel in) general chemistry  </subfield>
   <subfield code="c">Elizabeth Kean and Catherine Middlecamp.</subfield>
  </datafield>
  <datafield tag="260" ind1="0" ind2="0">
   <subfield code="a">New York: </subfield>
   <subfield code="b">McGraw Hill, </subfield>
   <subfield code="c">1994.</subfield>
  </datafield>
  <datafield tag="300" ind1=" " ind2=" ">
   <subfield code="a">xii, 276p.: </subfield>
   <subfield code="b">26cm.</subfield>
  </datafield>
  <datafield tag="650" ind1="0" ind2="0">
   <subfield code="a">Chemistry -- </subfield>
   <subfield code="x">Study and teaching </subfield>
  </datafield>
  <datafield tag="700" ind1="1" ind2="1">
   <subfield code="a">Middlecamp, </subfield>
   <subfield code="h">Catherine </subfield>
  </datafield>
 </record>
</collection>
